[Event "DVM U14 2020"]
[Site "Willingen GER"]
[Date "2021.06.24"]
[Round "2"]
[White "Bade, Deniz"]
[Black "Beck, Felix"]
[Result "0-1"]
[Termination "normal"]
[Board "4.4"]
[WhiteElo "1486"]
[BlackElo "1526"]
[WhiteClock "00:30:06"]
[BlackClock "00:59:39"]
[WhiteTeam "SchachAkademiePaderborn e. V."]
[BlackTeam "Schachfreunde Nordost Berlin"]
[PlyCount "86"]
[WhiteFideId "34605959"]
[BlackFideId "16255364"]
[EventCountry "GER"]
[EventRounds "7"]
[EventType "team-swiss"]
[EventDate "2021.06.23"]

1. e4 {[%clk 1:30:59]} 1... c6 {[%clk 1:30:54]} 2. d3 {[%clk 1:31:22]} 2... d5
{[%clk 1:31:11]} 3. Nd2 {[%clk 1:31:42]} 3... dxe4 {[%clk 1:30:43]} 4. dxe4 {
[%clk 1:32:03]} 4... Nf6 {[%clk 1:29:00]} 5. Ngf3 {[%clk 1:32:11]} 5... Bg4 {
[%clk 1:29:13]} 6. Qe2 {[%clk 1:32:04]} 6... e6 {[%clk 1:28:49]} 7. g3 { [%clk
1:31:21]} 7... Be7 {[%clk 1:27:48]} 8. Bg2 {[%clk 1:31:02]} 8... O-O { [%clk
1:27:57]} 9. O-O {[%clk 1:30:56]} 9... Nbd7 {[%clk 1:27:06]} 10. Re1 { [%clk
1:24:55]} 10... Nc5 {[%clk 1:25:19]} 11. Qc4 {[%clk 1:12:39]} 11... b5 { [%clk
1:19:26]} 12. Qd4 {[%clk 1:09:53]} 12... Qxd4 {[%clk 1:15:29]} 13. Nxd4 { [%clk
1:10:13]} 13... Rac8 {[%clk 1:14:49]} 14. e5 {[%clk 1:01:55]} 14... Nd5 { [%clk
1:14:07]} 15. Bxd5 {[%clk 0:57:05]} 15... exd5 {[%clk 1:13:58]} 16. N2b3 {[%clk
0:53:24]} 16... Ne6 {[%clk 1:05:32]} 17. f3 {[%clk 0:42:42]} 17... Nxd4 {[%clk
1:04:19]} 18. Nxd4 {[%clk 0:40:28]} 18... Be6 {[%clk 1:02:00]} 19. c3 { [%clk
0:35:15]} 19... a6 {[%clk 0:59:08]} 20. Be3 {[%clk 0:23:33]} 20... Rfd8 { [%clk
0:51:32]} 21. f4 {[%clk 0:22:01]} 21... c5 {[%clk 0:49:31]} 22. Nf3 { [%clk
0:18:09]} 22... Bg4 {[%clk 0:45:12]} 23. Ng5 {[%clk 0:15:04]} 23... h6 { [%clk
0:45:07]} 24. h3 {[%clk 0:14:43]} 24... Bd7 {[%clk 0:44:11]} 25. e6 { [%clk
0:11:39]} 25... Bxe6 {[%clk 0:41:18]} 26. Nxe6 {[%clk 0:11:59]} 26... fxe6
{[%clk 0:41:44]} 27. f5 {[%clk 0:08:56]} 27... e5 {[%clk 0:36:38]} 28. Rad1
{[%clk 0:06:50]} 28... Bf6 29. b3 {[%clk 0:05:25]} 29... d4 { [%clk 0:36:38]}
30. cxd4 {[%clk 0:05:48]} 30... cxd4 {[%clk 0:36:56]} 31. Bc1 { [%clk 0:05:21]}
31... Rc2 {[%clk 0:36:58]} 32. a3 {[%clk 0:04:26]} 32... Rc3 { [%clk 0:37:06]}
33. b4 {[%clk 0:04:37]} 33... Rxg3+ {[%clk 0:37:12]} 34. Kh2 { [%clk 0:04:33]}
34... Rc3 {[%clk 0:37:34]} 35. Rg1 {[%clk 0:04:37]} 35... Kh8 { [%clk 0:37:05]}
36. Rg6 {[%clk 0:04:32]} 36... Rd6 {[%clk 0:35:49]} 37. Rdg1 { [%clk 0:04:15]}
37... Kh7 {[%clk 0:35:32]} 38. h4 {[%clk 0:00:33]} 38... Rdc6 { [%clk 0:35:30]}
39. Bg5 {[%clk 0:00:31]} 39... Bxg5 {[%clk 0:29:59]} 40. hxg5 { [%clk 0:00:33]}
40... Rxg6 {[%clk 0:29:54]} 41. fxg6+ {[%clk 0:01:01]} 41... Kxg6 {[%clk
0:29:17]} 42. gxh6+ {[%clk 0:00:32]} 42... Kxh6 {[%clk 0:29:38]} 43. Re1 {[%clk
0:30:06]} 43... Re3 {[%clk 0:59:39]} 0-1

[Event "DVM U14 2020"]
[Site "Willingen GER"]
[Date "2021.06.24"]
[Round "2"]
[White "Kvantaliani, Saba"]
[Black "Eull, Emil"]
[Result "0-1"]
[Termination "normal"]
[Board "5.1"]
[WhiteElo "1535"]
[BlackElo "1662"]
[WhiteClock "00:35:56"]
[BlackClock "01:17:28"]
[WhiteTeam "Schachklub Münster 32 e. V."]
[BlackTeam "SF Neuberg"]
[PlyCount "74"]
[WhiteFideId "16284364"]
[BlackFideId "16253809"]
[EventCountry "GER"]
[EventRounds "7"]
[EventType "team-swiss"]
[EventDate "2021.06.23"]

1. e4 {[%clk 1:30:57]} 1... g6 {[%clk 1:30:51]} 2. d4 {[%clk 1:31:04]} 2... Bg7
{[%clk 1:31:13]} 3. f4 {[%clk 1:30:17]} 3... d6 {[%clk 1:31:34]} 4. Nf3 { [%clk
1:29:52]} 4... c5 {[%clk 1:31:54]} 5. Be3 {[%clk 1:28:41]} 5... Qb6 { [%clk
1:31:23]} 6. Nc3 {[%clk 1:27:51]} 6... Qxb2 {[%clk 1:25:27]} 7. Nb5 { [%clk
1:28:07]} 7... cxd4 {[%clk 1:24:03]} 8. Bd2 {[%clk 1:25:04]} 8... d3 { [%clk
1:22:09]} 9. Bxd3 {[%clk 1:16:37]} 9... Qxa1 {[%clk 1:22:11]} 10. Qxa1 { [%clk
1:16:27]} 10... Bxa1 {[%clk 1:22:32]} 11. Nc7+ {[%clk 1:16:56]} 11... Kd8
{[%clk 1:22:43]} 12. Nxa8 {[%clk 1:17:20]} 12... b6 {[%clk 1:20:47]} 13. c3 {
[%clk 1:10:08]} 13... Bb7 {[%clk 1:19:46]} 14. Ke2 {[%clk 1:09:59]} 14... Bb2 {
[%clk 1:20:00]} 15. Rb1 {[%clk 1:09:55]} 15... Ba3 {[%clk 1:20:19]} 16. Nxb6 {
[%clk 1:10:11]} 16... axb6 {[%clk 1:20:39]} 17. Rxb6 {[%clk 1:10:39]} 17... Kc7
{[%clk 1:20:49]} 18. Rb3 {[%clk 1:10:56]} 18... Bc5 {[%clk 1:21:10]} 19. Ng5 {
[%clk 1:11:16]} 19... Nh6 {[%clk 1:21:19]} 20. g3 {[%clk 1:01:30]} 20... Ba6 {
[%clk 1:18:52]} 21. c4 {[%clk 1:01:01]} 21... Nc6 {[%clk 1:19:05]} 22. Bc3 {
[%clk 0:59:55]} 22... Nd4+ {[%clk 1:18:02]} 23. Kd1 {[%clk 1:00:11]} 23... Nxb3
{[%clk 1:16:57]} 24. Bxh8 {[%clk 1:00:27]} 24... Bd4 {[%clk 1:17:06]} 25. e5 {
[%clk 0:59:57]} 25... Nc5 {[%clk 1:17:19]} 26. exd6+ {[%clk 1:00:25]} 26...
exd6 {[%clk 1:16:57]} 27. Bxd4 {[%clk 0:57:48]} 27... Nxd3 {[%clk 1:17:07]} 28.
Kc2 {[%clk 0:56:36]} 28... Bxc4 {[%clk 1:16:52]} 29. Kc3 {[%clk 0:56:47]} 29...
d5 {[%clk 1:17:03]} 30. a4 {[%clk 0:55:18]} 30... Nc1 {[%clk 1:17:09]} 31. Be5+
{[%clk 0:53:59]} 31... Kb6 {[%clk 1:17:14]} 32. Nxh7 {[%clk 0:45:25]} 32...
Ne2+ {[%clk 1:17:10]} 33. Kb4 {[%clk 0:44:43]} 33... Ng4 {[%clk 1:17:05]} 34.
Ng5 {[%clk 0:40:38]} 34... f6 {[%clk 1:16:35]} 35. h3 {[%clk 0:40:29]} 35...
Nxe5 {[%clk 1:16:56]} 36. fxe5 {[%clk 0:35:35]} 36... fxg5 {[%clk 1:17:17]} 37.
e6 {[%clk 0:35:56]} 37... Nd4 {[%clk 1:17:28]} 0-1

[Event "DVM U14 2020"]
[Site "Willingen GER"]
[Date "2021.06.24"]
[Round "2"]
[White "Buchinger, Alexis"]
[Black "Bergeret Busse, Julian"]
[Result "0-1"]
[Termination "normal"]
[Board "5.2"]
[WhiteElo "1536"]
[BlackElo "1466"]
[WhiteClock "00:56:32"]
[BlackClock "00:47:23"]
[WhiteTeam "SF Neuberg"]
[BlackTeam "Schachklub Münster 32 e. V."]
[PlyCount "136"]
[WhiteFideId "16287134"]
[BlackFideId "16298446"]
[EventCountry "GER"]
[EventRounds "7"]
[EventType "team-swiss"]
[EventDate "2021.06.23"]

1. e4 {[%clk 1:30:51]} 1... c5 {[%clk 1:30:57]} 2. Nf3 {[%clk 1:31:13]} 2... d6
{[%clk 1:31:07]} 3. d4 {[%clk 1:31:40]} 3... cxd4 {[%clk 1:31:25]} 4. Nxd4 {
[%clk 1:32:02]} 4... Nf6 {[%clk 1:31:38]} 5. Nc3 {[%clk 1:32:20]} 5... g6 {
[%clk 1:31:50]} 6. Be3 {[%clk 1:32:25]} 6... Bg7 {[%clk 1:32:03]} 7. f3 { [%clk
1:32:50]} 7... Nc6 {[%clk 1:32:18]} 8. Qd2 {[%clk 1:33:07]} 8... O-O { [%clk
1:32:31]} 9. g4 {[%clk 1:33:31]} 9... Nxd4 {[%clk 1:31:39]} 10. Bxd4 { [%clk
1:33:50]} 10... Be6 {[%clk 1:31:33]} 11. h4 {[%clk 1:34:06]} 11... h5 { [%clk
1:31:13]} 12. gxh5 {[%clk 1:34:10]} 12... Nxh5 {[%clk 1:31:27]} 13. Bxg7 {[%clk
1:34:34]} 13... Kxg7 {[%clk 1:31:29]} 14. O-O-O {[%clk 1:34:26]} 14... Rc8
{[%clk 1:29:50]} 15. f4 {[%clk 1:33:36]} 15... f5 {[%clk 1:29:02]} 16. Be2
{[%clk 1:31:55]} 16... Ng3 {[%clk 1:28:10]} 17. Rhg1 {[%clk 1:31:26]} 17...
Nxe2+ {[%clk 1:27:30]} 18. Qxe2 {[%clk 1:31:38]} 18... fxe4 {[%clk 1:22:37]}
19. Qxe4 {[%clk 1:30:03]} 19... Bf5 {[%clk 1:22:42]} 20. Qd4+ {[%clk 1:29:54]}
20... Kf7 {[%clk 1:20:09]} 21. Qd5+ {[%clk 1:29:23]} 21... Ke8 {[%clk 1:18:30]}
22. Rge1 {[%clk 1:28:33]} 22... Rc6 {[%clk 1:15:28]} 23. Rd2 {[%clk 1:27:43]}
23... e6 {[%clk 1:14:07]} 24. Qd4 {[%clk 1:26:15]} 24... Qxh4 {[%clk 1:12:17]}
25. Ree2 {[%clk 1:24:57]} 25... a6 {[%clk 1:10:19]} 26. Qb4 {[%clk 1:19:26]}
26... Qe7 {[%clk 1:08:12]} 27. Nd5 {[%clk 1:18:19]} 27... Qd7 {[%clk 1:05:10]}
28. Nb6 {[%clk 1:17:24]} 28... Qc7 {[%clk 1:04:38]} 29. Nd5 {[%clk 1:16:03]}
29... Qd7 {[%clk 1:04:13]} 30. Nb6 {[%clk 1:16:05]} 30... Qc7 {[%clk 1:04:33]}
31. Nd5 {[%clk 1:16:28]} 31... Qc8 {[%clk 1:03:06]} 32. Qd4 {[%clk 1:15:36]}
32... Qd8 {[%clk 1:02:37]} 33. Qg7 {[%clk 1:14:54]} 33... Rf7 {[%clk 1:01:42]}
34. Qg8+ {[%clk 1:13:30]} 34... Rf8 {[%clk 1:01:45]} 35. Rxe6+ {[%clk 1:11:32]}
35... Kd7 {[%clk 1:01:27]} 36. Nf6+ {[%clk 1:07:05]} 36... Kc8 {[%clk 1:00:40]}
37. Qxf8 {[%clk 1:06:50]} 37... Qxf8 {[%clk 1:00:40]} 38. Re8+ {[%clk 1:07:15]}
38... Qxe8 {[%clk 1:00:47]} 39. Nxe8 {[%clk 1:07:42]} 39... Kd7 {[%clk 1:00:29]
} 40. Nf6+ {[%clk 1:07:37]} 40... Ke6 {[%clk 1:00:09]} 41. Nd5 {[%clk 1:07:51]}
41... Rc5 {[%clk 0:59:18]} 42. Ne3 {[%clk 1:07:38]} 42... d5 {[%clk 0:57:04]}
43. c3 {[%clk 1:07:18]} 43... a5 {[%clk 0:56:32]} 44. Rd4 {[%clk 1:06:52]}
44... b5 {[%clk 0:54:40]} 45. Kd2 {[%clk 1:07:17]} 45... Be4 {[%clk 0:54:04]}
46. Ke2 {[%clk 1:06:34]} 46... Rc8 {[%clk 0:53:40]} 47. Rd1 {[%clk 1:05:07]}
47... Rh8 {[%clk 0:51:54]} 48. Ng4 {[%clk 1:03:46]} 48... Kf5 {[%clk 0:50:20]}
49. Nf2 {[%clk 0:54:06]} 49... Kxf4 {[%clk 0:48:34]} 50. a4 {[%clk 0:53:35]}
50... Bf3+ {[%clk 0:48:48]} 51. Kd2 {[%clk 0:53:57]} 51... Bxd1 {[%clk 0:49:03]
} 52. Kxd1 {[%clk 0:54:23]} 52... bxa4 {[%clk 0:49:04]} 53. Nd3+ { [%clk
0:54:38]} 53... Ke3 {[%clk 0:48:40]} 54. Ne5 {[%clk 0:54:53]} 54... g5 { [%clk
0:47:59]} 55. Kc2 {[%clk 0:55:17]} 55... Rh2+ {[%clk 0:47:57]} 56. Kb1 { [%clk
0:55:28]} 56... Rg2 {[%clk 0:47:21]} 57. Ka2 {[%clk 0:55:53]} 57... g4 { [%clk
0:47:37]} 58. Ka3 {[%clk 0:56:06]} 58... g3 {[%clk 0:47:47]} 59. Kxa4 { [%clk
0:55:34]} 59... Rxb2 {[%clk 0:47:33]} 60. c4 {[%clk 0:55:18]} 60... Rb4+ {[%clk
0:46:38]} 61. Kxa5 {[%clk 0:55:35]} 61... Rxc4 {[%clk 0:46:06]} 62. Kb5 {[%clk
0:55:32]} 62... g2 {[%clk 0:46:06]} 63. Nxc4+ {[%clk 0:55:17]} 63... dxc4
{[%clk 0:46:22]} 64. Kb4 {[%clk 0:55:39]} 64... c3 {[%clk 0:46:36]} 65. Kxc3
{[%clk 0:55:51]} 65... g1=Q {[%clk 0:47:00]} 66. Kc4 {[%clk 0:56:11]} 66... Qg5
{[%clk 0:47:10]} 67. Kb4 {[%clk 0:56:37]} 67... Kd3 {[%clk 0:47:23]} 68. Ka4
{[%clk 0:56:32]} 68... Kc3 0-1

[Event "DVM U14 2020"]
[Site "Willingen GER"]
[Date "2021.06.24"]
[Round "2"]
[White "Kaiser, Jason"]
[Black "Clauß, Annika"]
[Result "1-0"]
[Termination "normal"]
[Board "5.4"]
[WhiteElo "1479"]
[BlackElo "1133"]
[WhiteClock "00:52:53"]
[BlackClock "00:24:29"]
[WhiteTeam "SF Neuberg"]
[BlackTeam "Schachklub Münster 32 e. V."]
[PlyCount "87"]
[WhiteFideId "16275187"]
[BlackFideId "16261380"]
[EventCountry "GER"]
[EventRounds "7"]
[EventType "team-swiss"]
[EventDate "2021.06.23"]

1. e4 {[%clk 1:30:58]} 1... e5 {[%clk 1:30:55]} 2. Nf3 {[%clk 1:31:20]} 2...
Nc6 {[%clk 1:31:17]} 3. Bc4 {[%clk 1:31:45]} 3... Bc5 {[%clk 1:31:27]} 4. c3 {
[%clk 1:31:38]} 4... Qf6 {[%clk 1:29:29]} 5. d3 {[%clk 1:29:09]} 5... h6 {
[%clk 1:29:29]} 6. O-O {[%clk 1:28:54]} 6... Nge7 {[%clk 1:29:24]} 7. Be3 {
[%clk 1:28:46]} 7... Bb6 {[%clk 1:29:37]} 8. Nbd2 {[%clk 1:28:46]} 8... d6 {
[%clk 1:27:35]} 9. h3 {[%clk 1:28:06]} 9... g5 {[%clk 1:20:48]} 10. Nh2 { [%clk
1:21:27]} 10... Bd7 {[%clk 1:17:29]} 11. Bxb6 {[%clk 1:19:40]} 11... axb6
{[%clk 1:15:05]} 12. Ng4 {[%clk 1:17:31]} 12... Bxg4 {[%clk 1:08:34]} 13. Qxg4
{[%clk 1:15:58]} 13... Ng6 {[%clk 0:59:53]} 14. Rfe1 {[%clk 1:09:33]} 14... Nf4
{[%clk 0:43:48]} 15. Nf1 {[%clk 1:05:52]} 15... h5 {[%clk 0:33:30]} 16. Qf5 {
[%clk 0:57:19]} 16... Qg7 {[%clk 0:31:06]} 17. g3 {[%clk 0:43:12]} 17... Ne7 {
[%clk 0:28:43]} 18. Qxf7+ {[%clk 0:42:30]} 18... Qxf7 {[%clk 0:28:49]} 19.
Bxf7+ {[%clk 0:42:54]} 19... Kxf7 {[%clk 0:29:12]} 20. gxf4 {[%clk 0:43:16]}
20... gxf4 {[%clk 0:29:05]} 21. f3 {[%clk 0:43:03]} 21... Rhg8+ {[%clk 0:29:06]
} 22. Kf2 {[%clk 0:43:04]} 22... Rg6 {[%clk 0:27:29]} 23. Nd2 {[%clk 0:40:13]}
23... Rag8 {[%clk 0:27:42]} 24. Rg1 {[%clk 0:40:33]} 24... h4 {[%clk 0:26:52]}
25. Rg4 {[%clk 0:39:54]} 25... c6 {[%clk 0:22:11]} 26. Nc4 {[%clk 0:39:10]}
26... b5 {[%clk 0:20:04]} 27. Nd2 {[%clk 0:32:37]} 27... Kf6 {[%clk 0:18:26]}
28. Rag1 {[%clk 0:31:59]} 28... Nc8 {[%clk 0:12:36]} 29. Rxg6+ {[%clk 0:31:30]}
29... Rxg6 {[%clk 0:12:52]} 30. Rg4 {[%clk 0:31:43]} 30... Rh6 {[%clk 0:10:12]}
31. d4 {[%clk 0:27:06]} 31... Rh7 {[%clk 0:06:37]} 32. Nb3 {[%clk 0:26:06]}
32... b6 {[%clk 0:06:15]} 33. Nc1 {[%clk 0:25:12]} 33... Ne7 {[%clk 0:06:06]}
34. Nd3 {[%clk 0:24:35]} 34... Ng6 {[%clk 0:06:14]} 35. Nb4 {[%clk 0:23:58]}
35... c5 {[%clk 0:05:20]} 36. dxe5+ {[%clk 0:23:18]} 36... Nxe5 {[%clk 0:03:04]
} 37. Nd5+ {[%clk 0:21:14]} 37... Kf7 {[%clk 0:02:26]} 38. Rxf4+ { [%clk
0:20:55]} 38... Ke8 {[%clk 0:30:23]} 39. Nf6+ {[%clk 0:50:59]} 39... Kd8 {[%clk
0:30:26]} 40. Nxh7 {[%clk 0:51:19]} 40... Nd3+ {[%clk 0:23:45]} 41. Ke3 {[%clk
0:51:42]} 41... Nxf4 {[%clk 0:24:09]} 42. Kxf4 {[%clk 0:52:06]} 42... Ke7
{[%clk 0:24:26]} 43. Kg4 {[%clk 0:52:29]} 43... Kf7 {[%clk 0:24:29]} 44. Kxh4
{[%clk 0:52:53]} 1-0

[Event "DVM U14 2020"]
[Site "Willingen GER"]
[Date "2021.06.24"]
[Round "2"]
[White "Garner, Isaac"]
[Black "Schulemann, Gero"]
[Result "1-0"]
[Termination "normal"]
[Board "6.1"]
[WhiteElo "2095"]
[BlackElo "1835"]
[WhiteClock "00:30:36"]
[BlackClock "00:11:51"]
[WhiteTeam "Hamburger SK von 1830"]
[BlackTeam "USV Halle"]
[PlyCount "57"]
[WhiteFideId "16239261"]
[BlackFideId "16227646"]
[EventCountry "GER"]
[EventRounds "7"]
[EventType "team-swiss"]
[EventDate "2021.06.23"]

1. e4 {[%clk 1:30:56]} 1... c5 {[%clk 1:30:48]} 2. Nf3 {[%clk 1:31:18]} 2... e6
{[%clk 1:31:15]} 3. d4 {[%clk 1:31:41]} 3... cxd4 {[%clk 1:31:28]} 4. Nxd4 {
[%clk 1:32:03]} 4... a6 {[%clk 1:31:55]} 5. Bd3 {[%clk 1:32:26]} 5... Nf6 {
[%clk 1:32:14]} 6. O-O {[%clk 1:32:48]} 6... Qc7 {[%clk 1:32:13]} 7. Qe2 {
[%clk 1:33:12]} 7... b5 {[%clk 1:25:36]} 8. e5 {[%clk 1:21:44]} 8... Nd5 {
[%clk 1:24:42]} 9. a4 {[%clk 1:17:35]} 9... b4 {[%clk 1:20:16]} 10. c4 { [%clk
1:13:04]} 10... bxc3 {[%clk 1:14:22]} 11. Nxc3 {[%clk 1:11:56]} 11... Nxc3
{[%clk 1:11:51]} 12. bxc3 {[%clk 1:12:17]} 12... Bb7 13. Rb1 { [%clk 1:07:03]}
13... Bc5 {[%clk 0:55:15]} 14. Qg4 {[%clk 1:02:25]} 14... g6 { [%clk 0:50:55]}
15. Bg5 {[%clk 0:48:38]} 15... h5 {[%clk 0:46:53]} 16. Qf4 { [%clk 0:46:23]}
16... Nc6 {[%clk 0:41:44]} 17. Bf6 {[%clk 0:43:39]} 17... Rg8 { [%clk 0:33:27]}
18. Nf3 {[%clk 0:36:48]} 18... Be7 {[%clk 0:25:07]} 19. Ng5 { [%clk 0:33:02]}
19... Bxf6 {[%clk 0:20:48]} 20. Qxf6 {[%clk 0:33:24]} 20... Rf8 {[%clk
0:20:11]} 21. Ne4 {[%clk 0:32:54]} 21... Qxe5 {[%clk 0:17:38]} 22. Rxb7 {[%clk
0:33:06]} 22... d5 {[%clk 0:18:07]} 23. Re7+ {[%clk 0:30:04]} 23... Kd8 {[%clk
0:18:03]} 24. Rxe6+ {[%clk 0:30:20]} 24... Qxf6 {[%clk 0:18:24]} 25. Rxf6
{[%clk 0:30:44]} 25... Ne5 {[%clk 0:11:56]} 26. Rd6+ {[%clk 0:31:00]} 26... Ke7
{[%clk 0:12:20]} 27. Rxd5 {[%clk 0:31:21]} 27... Ke6 {[%clk 0:12:49]} 28. c4
{[%clk 0:30:27]} 28... Rac8 {[%clk 0:11:51]} 29. Ng5+ {[%clk 0:30:36]} 1-0

[Event "DVM U14 2020"]
[Site "Willingen GER"]
[Date "2021.06.24"]
[Round "2"]
[White "Neuber, Pascal"]
[Black "Huo, Da"]
[Result "1/2-1/2"]
[Termination "normal"]
[Board "6.2"]
[WhiteElo "1812"]
[BlackElo "1918"]
[WhiteClock "00:26:38"]
[BlackClock "00:01:52"]
[WhiteTeam "USV Halle"]
[BlackTeam "Hamburger SK von 1830"]
[PlyCount "142"]
[WhiteFideId "16227611"]
[BlackFideId "16221206"]
[EventCountry "GER"]
[EventRounds "7"]
[EventType "team-swiss"]
[EventDate "2021.06.23"]

1. e4 {[%clk 1:30:58]} 1... c5 {[%clk 1:30:56]} 2. Nf3 {[%clk 1:31:22]} 2... d6
{[%clk 1:31:18]} 3. d4 {[%clk 1:31:43]} 3... cxd4 {[%clk 1:31:44]} 4. Nxd4 {
[%clk 1:32:07]} 4... Nf6 {[%clk 1:32:08]} 5. Nc3 {[%clk 1:32:14]} 5... Nc6 {
[%clk 1:32:34]} 6. Be3 {[%clk 1:32:28]} 6... Ng4 {[%clk 1:32:58]} 7. Qd2 {
[%clk 1:31:58]} 7... Nxe3 {[%clk 1:31:48]} 8. Qxe3 {[%clk 1:32:25]} 8... Bd7 {
[%clk 1:31:54]} 9. Bc4 {[%clk 1:31:46]} 9... e6 {[%clk 1:30:00]} 10. O-O-O {
[%clk 1:30:40]} 10... a6 {[%clk 1:29:52]} 11. Bb3 {[%clk 1:30:01]} 11... Be7 {
[%clk 1:26:17]} 12. Kb1 {[%clk 1:29:17]} 12... b5 {[%clk 1:21:10]} 13. f4 {
[%clk 1:29:23]} 13... Na5 {[%clk 1:17:07]} 14. f5 {[%clk 1:24:32]} 14... e5 {
[%clk 1:13:45]} 15. Nf3 {[%clk 1:23:07]} 15... Nxb3 {[%clk 1:10:30]} 16. axb3 {
[%clk 1:23:10]} 16... Qb8 {[%clk 1:00:58]} 17. Rd2 {[%clk 1:17:36]} 17... Bc6 {
[%clk 0:58:27]} 18. Rhd1 {[%clk 1:16:03]} 18... Qa7 {[%clk 0:52:00]} 19. Qxa7 {
[%clk 1:13:56]} 19... Rxa7 {[%clk 0:52:19]} 20. Nd5 {[%clk 1:13:41]} 20... Bxd5
{[%clk 0:51:21]} 21. Rxd5 {[%clk 1:14:08]} 21... Rc7 {[%clk 0:51:20]} 22. Nd2 {
[%clk 1:11:08]} 22... f6 {[%clk 0:49:26]} 23. b4 {[%clk 1:07:12]} 23... Kf7 {
[%clk 0:49:18]} 24. b3 {[%clk 1:01:28]} 24... Rhc8 {[%clk 0:41:17]} 25. c4 {
[%clk 0:58:33]} 25... Rb7 {[%clk 0:40:59]} 26. cxb5 {[%clk 0:53:59]} 26... Rxb5
{[%clk 0:39:11]} 27. Rxb5 {[%clk 0:53:46]} 27... axb5 {[%clk 0:39:36]} 28. Kb2
{[%clk 0:53:29]} 28... g6 {[%clk 0:38:39]} 29. g4 {[%clk 0:53:27]} 29... gxf5 {
[%clk 0:38:46]} 30. gxf5 {[%clk 0:50:44]} 30... Rg8 {[%clk 0:38:01]} 31. Nf1 {
[%clk 0:46:24]} 31... Rg4 {[%clk 0:37:16]} 32. Ng3 {[%clk 0:46:13]} 32... h5 {
[%clk 0:36:24]} 33. Rd5 {[%clk 0:35:17]} 33... h4 {[%clk 0:36:22]} 34. Nf1 {
[%clk 0:35:38]} 34... Rxe4 {[%clk 0:36:12]} 35. Rxb5 {[%clk 0:34:41]} 35... d5
{[%clk 0:35:03]} 36. Nd2 {[%clk 0:33:46]} 36... Re2 {[%clk 0:33:43]} 37. Kc3 {
[%clk 0:33:54]} 37... d4+ {[%clk 0:33:23]} 38. Kd3 {[%clk 0:34:10]} 38... Rxh2
{[%clk 0:33:42]} 39. Rb8 {[%clk 0:33:16]} 39... Rg2 {[%clk 0:31:30]} 40. b5 {
[%clk 0:32:59]} 40... h3 {[%clk 0:29:43]} 41. b6 {[%clk 0:33:18]} 41... Rg8 {
[%clk 0:12:44]} 42. Rxg8 {[%clk 0:31:22]} 42... Kxg8 {[%clk 0:13:02]} 43. b7 {
[%clk 0:31:11]} 43... Bd6 {[%clk 0:13:15]} 44. Ne4 {[%clk 0:30:53]} 44... Bb8 {
[%clk 0:11:37]} 45. Nxf6+ {[%clk 0:30:10]} 45... Kf7 {[%clk 0:11:50]} 46. Ng4 {
[%clk 0:29:56]} 46... Ke7 {[%clk 0:11:50]} 47. f6+ {[%clk 0:28:52]} 47... Ke6 {
[%clk 0:12:01]} 48. Ke4 {[%clk 0:29:10]} 48... Bc7 {[%clk 0:00:45]} 49. b4 {
[%clk 0:27:37]} 49... Bb8 {[%clk 0:00:31]} 50. b5 {[%clk 0:27:55]} 50... Bc7 {
[%clk 0:00:38]} 51. b6 {[%clk 0:28:13]} 51... Bb8 {[%clk 0:00:56]} 52. Kd3 {
[%clk 0:20:10]} 52... Kf7 {[%clk 0:14:36]} 53. Ke4 {[%clk 0:41:34]} 53... Ke8 {
[%clk 0:02:56]} 54. Kf5 {[%clk 0:33:37]} 54... d3 {[%clk 0:00:38]} 55. Nxe5 {
[%clk 0:32:37]} 55... d2 {[%clk 0:00:47]} 56. Ke6 {[%clk 0:32:46]} 56... d1=Q {
[%clk 0:00:36]} 57. f7+ {[%clk 0:33:05]} 57... Kf8 {[%clk 0:00:59]} 58. Ng6+ {
[%clk 0:33:15]} 58... Kg7 {[%clk 0:01:26]} 59. f8=Q+ {[%clk 0:33:25]} 59...
Kxg6 {[%clk 0:01:52]} 60. Qg8+ {[%clk 0:31:27]} 60... Kh5 {[%clk 0:01:19]} 61.
Qxb8 {[%clk 0:31:29]} 61... Qg4+ {[%clk 0:01:10]} 62. Kd5 {[%clk 0:31:23]}
62... Qg2+ {[%clk 0:01:13]} 63. Kc5 {[%clk 0:30:42]} 63... Qc2+ {[%clk 0:01:29]
} 64. Kd5 {[%clk 0:30:24]} 64... Qg2+ {[%clk 0:01:18]} 65. Kd4 {[%clk 0:28:58]}
65... Qd2+ {[%clk 0:01:32]} 66. Ke4 {[%clk 0:27:09]} 66... Qe2+ {[%clk 0:01:23]
} 67. Kf5 {[%clk 0:26:58]} 67... Qg4+ {[%clk 0:01:40]} 68. Kf6 {[%clk 0:26:14]}
68... Qg6+ {[%clk 0:01:41]} 69. Ke7 {[%clk 0:26:38]} 69... Qg7+ {[%clk 0:01:32]
} 70. Ke6 {[%clk 0:26:38]} 70... Qg4+ {[%clk 0:01:52]} 71. Kd5 71... Qd1+
1/2-1/2

[Event "DVM U14 2020"]
[Site "Willingen GER"]
[Date "2021.06.24"]
[Round "2"]
[White "Fuhrmann, Bahne"]
[Black "Polzin, Gustav"]
[Result "0-1"]
[Termination "normal"]
[Board "6.3"]
[WhiteElo "1849"]
[BlackElo "1566"]
[WhiteClock "01:31:17"]
[BlackClock "01:30:43"]
[WhiteTeam "Hamburger SK von 1830"]
[BlackTeam "USV Halle"]
[PlyCount "140"]
[WhiteFideId "16244842"]
[BlackFideId "34603280"]
[EventCountry "GER"]
[EventRounds "7"]
[EventType "team-swiss"]
[EventDate "2021.06.23"]

1. e4 c5 2. Nf3 e6 3. d3 d5 4. Nbd2 Nc6 5. g3 Nge7 6. Bg2 Ng6 7. O-O Be7 8. Re1
O-O 9. e5 Qc7 10. Qe2 a5 11. Nf1 a4 12. a3 b6 13. h4 Rd8 14. h5 Nf8 15. h6 g6
16. N1h2 Ba6 17. Ng5 Nd7 18. Ng4 Nd4 19. Qd1 c4 20. dxc4 Qxc4 21. Bf1 Qc5 22.
Be3 Bxg5 23. Bxd4 Qc7 24. Bxa6 Rxa6 25. f4 Be7 26. f5 Nc5 27. fxg6 hxg6 28. Qf3
Ne4 29. h7+ Kg7 30. Be3 Bc5 31. c3 Bxe3+ 32. Rxe3 Qe7 33. Kg2 Rh8 34. Rh1 Qg5
35. Rf1 Ra7 36. Nf6 Nd2 37. Qf4 Qxf4 38. Rxf4 Nc4 39. Re2 b5 40. Kf3 g5 41.
Nh5+ Kxh7 42. Rg4 Kg6 43. Nf4+ Kf5 44. Nd3 Rh1 45. Rf2 Rd1 46. Rxc4 dxc4 47.
Nb4 Rdd7 48. Nc6 Rab7 49. g4+ Kg6 50. Nd4 Rd8 51. Kg3 Rd5 52. Re2 Rbd7 53. Re4
Rd8 54. Kf3 Rh8 55. Kg2 Re8 56. Re3 f5 57. exf6 Kxf6 58. Rf3+ Ke5 59. Rf7 Rxd4
60. cxd4+ Kxd4 61. Rg7 e5 62. Rxg5 b4 63. Rg7 bxa3 64. bxa3 c3 65. Kf3 c2 66.
Rc7 Kd3 67. Kf2 Rg8 68. Ke1 Rxg4 69. Rd7+ Rd4 70. Rxd4+ exd4 0-1